Andien valtiot - Statistics

Yleistilastot
  • Tätä visaa on pelattu 651 kertaa
  • Keskiarvotulos 7 / 7
Vastaustilastot
Valtio % Oikein
Chile
98%
Peru
97%
Argentiina
95%
Bolivia
93%
Kolumbia
93%
Ecuador
92%
Venezuela
87%
Ehtoja vastaavia visoja ei löytynyt
Tulosjakauma
Jokaisen tuloksen saaneiden osuus
Persentiili vastausten määrän mukaan
Tuloshistoriasi
Et ole pelannut tätä visaa